| 000 | 00435nam a22001697a 4500 | ||
|---|---|---|---|
| 005 | 20180904113416.0 | ||
| 008 | 160531b xxu||||| |||| 00| 0 eng d | ||
| 020 | _a81-7808-598-4 | ||
| 041 | _aeng | ||
| 082 |
_b6409 _a658.4013 |
||
| 100 |
_aMerchant, Kenneth A. _91601 |
||
| 245 | _aModern Management Control System: text and cases | ||
| 260 |
_bPearsons _c2004 _adelhi |
||
| 300 | _a851p, | ||
| 650 |
_aManagement _9241 |
||
| 942 | _cBK | ||
| 999 |
_c2258 _d2257 |
||